A vocation and a voice : (Record no. 9994)
[ view plain ]
| 000 -LEADER | |
|---|---|
| fixed length control field | 01122cam a2200313 a 4500 |
| 001 - CONTROL NUMBER | |
| control field | 579649 |
| 003 - CONTROL NUMBER IDENTIFIER | |
| control field | OSt |
| 005 - DATE AND TIME OF LATEST TRANSACTION | |
| control field | 20140310182150.0 |
| 008 - FIXED-LENGTH DATA ELEMENTS--GENERAL INFORMATION | |
| fixed length control field | 900717s1991 nyu b 000 1 eng |
| 010 ## - LIBRARY OF CONGRESS CONTROL NUMBER | |
| LC control number | 90007798 |
| 020 ## - INTERNATIONAL STANDARD BOOK NUMBER | |
| International Standard Book Number | 0140390782 : |
| Terms of availability | $6.95 ($9.95) |
| 040 ## - CATALOGING SOURCE | |
| Original cataloging agency | DLC |
| Transcribing agency | DLC |
| Modifying agency | DLC |
| 050 00 - LIBRARY OF CONGRESS CALL NUMBER | |
| Classification number | PS 1294 |
| Item number | .C63A76 1991 |
| 082 00 - DEWEY DECIMAL CLASSIFICATION NUMBER | |
| Classification number | HS 808.8381 |
| Item number | C45 1991 |
| 100 1# - MAIN ENTRY--PERSONAL NAME | |
| Personal name | Chopin, Kate, |
| Dates associated with a name | 1850-1904. |
| 9 (RLIN) | 15696 |
| 245 12 - TITLE STATEMENT | |
| Title | A vocation and a voice : |
| Remainder of title | stories / |
| Statement of responsibility, etc | Kate Chopin ; edited and with an introduction and notes by Emily Toth. |
| 260 ## - PUBLICATION, DISTRIBUTION, ETC. (IMPRINT) | |
| Place of publication, distribution, etc | New York, N.Y., U.S.A. : |
| Name of publisher, distributor, etc | Penguin Books, |
| Date of publication, distribution, etc | c1991. |
| 300 ## - PHYSICAL DESCRIPTION | |
| Extent | xxxiv, 202 p. ; |
| Dimensions | 20 cm. |
| 490 0# - SERIES STATEMENT | |
| Series statement | Penguin classics |
| 500 ## - GENERAL NOTE | |
| General note | "A Penguin original"--Cover. |
| 504 ## - BIBLIOGRAPHY, ETC. NOTE | |
| Bibliography, etc | Includes bibliographical references (p. xxvii-xxxi). |
| 541 ## - IMMEDIATE SOURCE OF ACQUISITION NOTE | |
| -- | 1 |
| 562 ## - COPY AND VERSION IDENTIFICATION NOTE | |
| Number of copies | 1 |
| 650 ## - SUBJECT ADDED ENTRY--TOPICAL TERM | |
| Topical term or geographic name as entry element | Louisiana. |
| General subdivision | Social life and customs. |
| -- | Fiction. |
| 9 (RLIN) | 15697 |
| 700 1# - ADDED ENTRY--PERSONAL NAME | |
| Personal name | Toth, Emily. |
| 9 (RLIN) | 15698 |
| 856 42 - ELECTRONIC LOCATION AND ACCESS | |
| Materials specified | Contributor biographical information |
| Uniform Resource Identifier | <a href="http://www.loc.gov/catdir/enhancements/fy1206/90007798-b.html">http://www.loc.gov/catdir/enhancements/fy1206/90007798-b.html</a> |
| 906 ## - LOCAL DATA ELEMENT F, LDF (RLIN) | |
| a | 7 |
| b | cbc |
| c | orignew |
| d | 1 |
| e | ocip |
| f | 19 |
| g | y-gencatlg |
| 942 ## - ADDED ENTRY ELEMENTS (KOHA) | |
| Source of classification or shelving scheme | Library of Congress Classification |
| Koha item type | |
| Withdrawn status | Lost status | Source of classification or shelving scheme | Damaged status | Home library | Current library | Shelving location | Date acquired | Total Checkouts | Full call number | Barcode | Date last seen | Copy number | Price effective from | Koha item type |
|---|---|---|---|---|---|---|---|---|---|---|---|---|---|---|
| Library of Congress Classification | Luxembourg Library | Luxembourg Library | High School Section | 08/30/2013 | PS 1294 .C63A76 1991 | 13578 | 08/30/2013 | 1 | 08/30/2013 | Books |